000 00983nam a22002657a 4500
008 161015s2015 br||||| |||| 00| 0 por d
020 _a9788599686263
082 0 4 _a708
_bT231a
100 1 _aTavares, Ana Maria.
_95609
245 1 0 _aAtlântica moderna :
_bpurus e negros /
_cAna Maria Tavres ; texto por Fabiola López-Durán y Nikki Moore ; Museu Vale.
250 _a1a ed.
260 _aRio de Janeiro, Brasil :
_bImago,
_c2015.
300 _a120 p.
_bil. col.
500 _aCatálogo publicado con motivo a la exhbición "Atlântica: purus e negros", presentada del 5 de diciembre de 2014 al 8 de marzo de 2015, en el Museu Vale.
653 1 0 _aArte contemporáneo
653 1 0 _aCatálogo de exhibición
653 1 0 _aExhibiciones
653 1 0 _aInstalaciones
653 1 0 _aArquitectura moderna
653 1 0 _aArte - Brasil
653 1 0 _aArtistas brasileños
700 1 _aLópez-Durán, Fabiola.
_95606
700 1 _aMoore, Nikki.
_95607
710 1 _aMuseu Vale.
_95608
999 _c1085
_d1085